000
00328pab a2200133 454500
008
180718b1988 xxu||||| |||| 00| 0 eng d
245
_a
Special issue on tribal studies in India
260
_c
1988
300
_a
3-89
362
_a
Mar.
650
_a
Tribes and Tribal System - India
773
_a
Social Change
909
_a
19687
999
_c
19687
_d
19687